000 00392nam a2200157Ia 4500
005 20240618065855.0
008 240331s9999 xx 000 0 und d
082 _bGAN
_a891.48
100 _aGanesalingan, S
245 0 _aNagaramum sorkamum
_cS. Ganeshalingan
260 _aChennai
_bKumaran Publishers
_c1996
300 _a184 p .,
650 _aSocial
650 _aEnvironment
942 _cL
999 _c3928
_d3928